Paradigms in public policy: Theory and practice of paradigm shifts in the EU (Record no. 1394238)

MARC details
000 -LEADER
fixed length control field 00660nam a2200217Ia 4500
005 - DATE AND TIME OF LATEST TRANSACTION
control field 20250508165305.0
008 - FIXED-LENGTH DATA ELEMENTS--GENERAL INFORMATION
fixed length control field 008 250505s9999 xx 000 0 eng d
020 ## - INTERNATIONAL STANDARD BOOK NUMBER
International Standard Book Number 978-0-521-74188-0
037 ## - SOURCE OF ACQUISITION
Stock number TextBook
040 ## - CATALOGING SOURCE
Original cataloging agency FEDL
Language of cataloging eng
Transcribing agency FEDL
041 ## - LANGUAGE CODE
Language code of text/sound track or separate title eng
Source of code eng
084 ## - COLON CLASSIFICATION NUMBER
Classification number 300, CAR/R
Assigning agency FEDL
100 ## - MAIN ENTRY--PERSONAL NAME
Personal name Carson Marcus Ed.
9 (RLIN) 780408
245 #0 - TITLE STATEMENT
Title Paradigms in public policy: Theory and practice of paradigm shifts in the EU
260 ## - PUBLICATION, DISTRIBUTION, ETC.
Place of publication, distribution, etc. Frankfurt, India
Name of publisher, distributor, etc. Peter Lang
Date of publication, distribution, etc. 2009
300 ## - PHYSICAL DESCRIPTION
Extent 444p.
365 ## - TRADE PRICE
Price type code USD
Price amount 72.95
700 ## - ADDED ENTRY--PERSONAL NAME
Personal name Burns Tom R Ed. Calvo Dolores Ed.
9 (RLIN) 780409
942 ## - ADDED ENTRY ELEMENTS (KOHA)
Koha item type Textbook
Classification part 300, CAR/R
Holdings
Withdrawn status Lost status Damaged status Not for loan Home library Current library Date acquired Cost, normal purchase price Total Checkouts Full call number Barcode Date last seen Price effective from Koha item type
        Department of Education Library Department of Education Library 2025-05-08 72.95   300, CAR/R EL0087877 2025-05-08 2025-05-08 Textbook
Copyright @ Delhi University Library System